Jesucristo el liberador : ensayo de cristología crítica para nuestro tiempo /

Shranjeno v:
Bibliografske podrobnosti
Glavni avtor: Boff, Leonardo (autor)
Drugi avtorji: Bonhoeffer, Dietrich (introducción) (introducción), García-Abril, Jesús (traducción) (traducción)
Format: Knjiga
Jezik:španščina
Izdano: Santander, España : Sal Terrae, 2000, c2000
Izdaja:6a edición
Serija:(Presencia Teológica ; 6)
Oznake: Označite
Brez oznak, prvi označite!

MARC

LEADER 00000nam^a2200000^a^4500
001 000615878
005 20250611000000.0
009 20260310133710.351
020 |a 84-293-0580-7 
025 |a Donación Juan Lafarga Corona, 1 ejemplar 
037 |a Acervo Xavier Clavigero 
041 |a ESP 
091 |a FLC. 00756 
100 |a Boff, Leonardo  |e (autor) 
245 1 0 |a Jesucristo el liberador :  |b ensayo de cristología crítica para nuestro tiempo / 
250 |a 6a edición 
264 4 |a Santander, España :  |b Sal Terrae,  |c 2000, c2000 
300 |a 277 p. 
336 |a texto  |b txt  |2 rdacontenido 
337 |a sin mediación  |b n  |2 rdamedio 
338 |a volumen  |b nc  |2 rdasoporte 
440 1 |a (Presencia Teológica ;  |v 6) 
500 |a Traducción de: Jesus Cristo libertador: ensaio de cristologia crítica para o nosso tempo 
561 |a Ex libris manuscrito de Francisco Javier Ramírez Alvarado, febrero de 2006 
649 |a XX 
700 |a Bonhoeffer, Dietrich  |e (introducción) 
700 |a García-Abril, Jesús  |e (traducción) 
910 |a Fondo Juan Lafarga Corona S.J. 
920 |a Impresos - Libros 
930 |a Fondos Especiales 
905 |a 145 
901 |a 615878-10  |b IT2  |c ESL  |i D  |u 20250611 
902 |a https://opac.biblio.iteso.mx/vufind/Record/000615878